Top 15 Strongest Kuroko's Basketball Characters - Statistics

General Stats
  • This quiz has been taken 68 times
  • The average score is 10 of 15
Answer Stats
Rank Answer % Correct
5 Aomine Daiki
100%
1 Akashi Seijuro
96%
6 Kise Ryota
96%
7 Kagami Taiga
93%
8 Midorima Shintaro
91%
3 Murasakibara Atsushi
83%
4 Jason Silver
72%
2 Nash Gold Jr.
72%
10 Kiyoshi Teppei
52%
9 Himuro Tatsuya
50%
11 Hayama Kotaro
43%
13 Haizaki Shogo
41%
15 Hanamiya Makoto
37%
12 Mibuchi Reo
37%
14 Nebuya Eikichi
35%
No matching quizzes found
Score Distribution
Percent of People with Each Score
Percentile by Number Answered
Your Score History
You have not taken this quiz